Statistics for Medical Terms #2

Click here to take the quiz!

General Stats

  • This quiz has been taken 218 times
  • The average score is 5 of 6

Answer Stats

HintAnswer% Correct
State of unconsciousnessComa
99%
Conditions that affect the veinsDeep Vein Thrombosis/Blood Clots/Varicose Veins
97%
A condition where the body responds improperly to an infectionSepsis
86%
Performing CPR and using an AED are vital for treating this conditionSudden Cardiac Arrest
84%
Also known as a heart attackMyocardial Infarction
81%
A specific type of a cerebrovascular accidentHemorrhagic Stroke
80%

Score Distribution

Percentile by Number Answered

Percent of People with Each Score

Your Score History

You have not taken this quiz